000 02514nam a2200433 i 4500
001 196181
003 ES-MaACL
005 20250809052937.0
008 240817s2021 sp | |||| 000 f spa
015 _aMON23
017 _aM 30879-2021
_bOficina Depósito Legal Madrid
020 _a9788412034776
035 _a(SpMaBN)a7245514
035 _a991047655429708606
040 _aSpMaBN
_bspa
_cSpMaBN
_erda
080 _a821.111-31"19"
100 _aBalakian, Peter
_9238443
_eaut
240 1 0 _aBlack Dog of Fate
_lEspañol
245 1 3 _aEl perro negro del destino /
_cPeter Balakian ; presentación, Joaquín González Ibáñez ; traducción, Rosa Mª Bautista Cordero.
264 1 _a[Madrid] :
_bFundación Berg Oceana Aufklarung - Berg Institute,
_c[2021].
264 4 _c©2021
300 _a385 páginas :
_c24 cm.
336 _aTexto
_2rdacontent
337 _asin mediación
_2rdamedia
338 _avolumen
_2rdacarrier
490 1 _aBiblioteca literatura y derechos humanos ;
_v14
520 _aLa obra El perro negro del destino —Premio PEN/Martha Albrand 1998— es un vibrante relato autobiográfico que comienza en la segunda mitad de la década de 1950 en una zona residencial de Nueva Jersey. El autor descubre que tras su estilo de vida aparentemente idílico subyace el fantasma del trauma sufrido por su familia y sus antepasados: el exterminio de más de un millón de armenios en 1915 por parte del Gobierno turco en el que fue el primer genocidio del siglo XX. «Un relato autobiográfico fascinante y estremecedor… escrito desde el dolor y la rabia, con una inmensa sensibilidad, El perro negro del destino es a la vez un retrato de familia, la crónica histórica del exterminio del pueblo armenio en Turquía y el relato del pasaje de un joven adolescente a la edad adulta». The New York Times Book Review
586 _aPremio PEN, Martha Albrand, 1998
655 0 _aNovelas psicológicas
_9233883
700 _aBautista, Rosa María
_9238444
_etrl
700 _aGonzález Ibáñez, Joaquín,
_9238427
_d1970-
_eaui
830 0 _aBiblioteca literatura y derechos humanos
_v14
_9238888
852 _aES-MaACL
_bR.154551
_cDEPOJ
_jN-9256
_hDonación: Editorial
_xEncuadernación cartoné (incluye faja)
_9205210
942 _cMONOGRAFIA
_n0
999 _c196181
_d196181